000 00699nam a2200217 a 4500
001 42430
003 BD-RjUL
005 20211209053536.0
008 790308s1959 ohu 000 0 eng
035 _a(BD-RjUL)42548
040 _aDLC
_cMeLB
_dBD-RjUL
_beng
041 _aeng
082 _a327
_223
_bMOA 1959
100 2 _aMontgomery of Alamein, Bernard Law Montgomery.
_9130511
245 1 3 _aAn approach to sanity :
_ba study of East-West relations /
_cby Field-Marshal the Viscount Montgomery of Alamein.
250 _a[1st American ed.]
260 _aCleveland,
_bWorld Pub. Co.
_c[1960, c1959]
300 _a94 p. ;
_c22 cm.
650 0 _aWorld politics
_y1955-1965.
_9128699
942 _2ddc
_cBK
999 _c42430
_d42430